Conjunciones y otros nexos en tres idiomas amazónicos
Furkejuvvon:
| Váldodahkkit: | , |
|---|---|
| Materiálatiipa: | Girji |
| Giella: | bahasa melayu/malaijigiella espánnjágiella |
| Almmustuhtton: |
Pucallpa
Instituto Lingüístico de Verano
1982
|
| Ráidu: | Serie Lingüística Peruana, 19
|
| Fáttát: | |
| Fáddágilkorat: |
Lasit fáddágilkoriid
Eai fáddágilkorat, Lasit vuosttaš fáddágilkora!
|
MARC
| LEADER | 00000nam a2200000 a 4500 | ||
|---|---|---|---|
| 001 | UCN5799 | ||
| 003 | CL-VaPUC | ||
| 008 | 010913e19820000pe |||||||||||||||||not|d | ||
| 041 | 0 | 7 | |a not |2 CL-VaPUC |
| 041 | 0 | 7 | |a cbu |2 CL-VaPUC |
| 041 | 0 | 7 | |a may |2 CL-VaPUC |
| 041 | 0 | 7 | |a spa |2 CL-VaPUC |
| 082 | 0 | 4 | |a 498.323 |b WIS |2 21 |
| 100 | 0 | |a Wise, Mary Ruth |e author |9 461475 | |
| 700 | 0 | |a Boonstra, Harry |e author |9 461476 | |
| 245 | 1 | 0 | |a Conjunciones y otros nexos en tres idiomas amazónicos |
| 300 | |a 222 p | ||
| 942 | |c BK | ||
| 945 | |d 20010913 00:00:00 |a rbrito | ||
| 260 | |a Pucallpa |b Instituto Lingüístico de Verano |c 1982 | ||
| 650 | 7 | |a LENGUA NOMATSIGUENGA |2 CL-VaPUC |9 461477 | |
| 650 | 7 | |a LENGUA CANDOSHI |2 CL-VaPUC |9 461478 | |
| 650 | 7 | |a LENGUA MATSES |2 CL-VaPUC |9 461479 | |
| 650 | 0 | |a Gramática |9 270497 | |
| 650 | 0 | |a Semántica |9 265318 | |
| 650 | 0 | |a Etnolingüística |9 341076 | |
| 651 | 0 | |a Perú |9 256567 | |
| 583 | |a last modification |c 20171218 11:58:25 |k Rodrigo Vera | ||
| 490 | 0 | |a Serie Lingüística Peruana, 19 | |
| 999 | |c 296952 |d 296950 | ||
| 952 | |0 0 |1 0 |4 0 |6 498_323000000000000_WIS_1982 |7 0 |8 A |9 351262 |a FDOPOS |b FDOPOS |d 2019-11-21 |i 3707865 |o 498.323 WIS 1982 |p 3707865 |r 2025-01-22 |w 2019-11-21 |y BK |k MLA | ||